000 01795nea a2200421 i 4500
001 196844
003 SpMaBN
005 20250109063103.0
007 aj aanzn
008 000424s1799 fr g 0 fre
016 7 _abicaBNE20050043456
_zAMER89003734
_2SpMaBN
034 0 _aa
035 _a(SpMaBN)bica0000044087
035 _a(OCoLC)431578713
035 _a991001544119708606
040 _aSpMaBN
_bspa
_cSpMaBN
_erdc
080 _a(7)
_22015
245 0 0 _aVue de diverses parties de la côte Nord-Ouest d'Amérique
_h[Material Cartográfico]
255 _aEscala indeterminada
260 _a[A Paris] :
_b[De L'Imprimerie de la République],
_c[1799].
300 _a6 perfiles en 1 h. ;
_c65 x 92 cm
336 _aImagen (cartográfica ; fija ; bidimensional ; visual)
_2rdacontent
337 _asin mediación
_2rdamedia
338 _2rdacarrier
_avolumen
500 _aMeridiano de origen: Greenwich
500 _aRepresentación de perfiles verticales del terreno
500 _aÎles Scots ... ; Cap Scot ... ; Woody Point ou Pointe Boisée ... ; Entrée de Nootka Sound ... ; Entrée de la Riviére Columbia ... ; Pointe Barro de Arena
596 _aDatos y año de edición tomados del atlas en el que se encuentra el mapa
611 2 0 _aVancouver, Expedición de,
_9239421
651 7 _aAmérica del Norte
_vMapas
_2embne
_9239286
655 0 _9239293
_aMapas topográficos-
_yS. XVIII
700 0 _aVancouver, George,
_d1757-1798
_9113045
710 _aImprimerie de la République (Francia)
_9239285
852 _aES-MaACL
_cDEPO2
_dOlim: B-6988
_dOlim: 155-A-2
_jGF-116(14)
_xEncuadernado con otros mapas formando un volumen facticio.
_9204496
942 _2udc
_n0
_cCARTOGRAFI
999 _c196844
_d196844